| 000 | 01038cam a22003137a 4500 | ||
|---|---|---|---|
| 003 | CHAP | ||
| 005 | 20220329140639.0 | ||
| 008 | 971013s1976 r 00010 d | ||
| 010 | _a55312 | ||
| 011 | _a56284 | ||
| 035 | _a60437 | ||
| 040 | _cCHAP | ||
| 090 | _aTesis | ||
| 100 | 0 | 0 |
_aSaucedo Venegas, Enrique. _9102736 |
| 245 | 0 | _aProceso de impregnación de madera de encino en comparación de otras maderas y su influencia en la calidad de la celulosa obtenida | |
| 260 |
_aGuadalajara, Jal. : _bEl autor, _c1976 |
||
| 300 |
_a85 h. _b: gráfs. |
||
| 502 | _aTesis (Ing. Químico) -- Univ. de Guadalajara. Fac. de Ciencias | ||
| 590 |
_aALEPH _b10 _c20130110 _lUCH01 _h1333 |
||
| 590 |
_aBATCH-UPD _b10 _c20130110 _lUCH01 _h0539 |
||
| 590 |
_aBATCH-UPD _b10 _c20130110 _lUCH01 _h2305 |
||
| 590 |
_aCONVERSION _b10 _c20130109 _lUCH01 _h1330 |
||
| 650 | 1 | 4 |
_aCelulosa. _920915 |
| 650 | 1 | 4 |
_aPulpa de madera. _993003 |
| 650 | 1 | 4 |
_aQuercus (madera) _993182 |
| 901 | _aBK | ||
| 942 | _cTESIS | ||
| 949 |
_bBC _cTES _d-130285 _eTS1 _i60437 _si |
||
| 999 |
_c55312 _d55312 |
||